000 00703nab a2200205 4500
001 244442
003 OSt
005 20251124094343.0
007 tu
008 200917s2020|||||||
040 _aDE-2950
_cDE-2950
245 0 0 _aKleines Team meistert Ansturm in den Lenné Passagen
_bBrief- und Paketversand. Nach dem Aus für die Hauptpos5t in Frankfurt hat die Partnerfiliale in den Lenné Passagen die Neuaufstellung hinbekommen/
_cFlorian Luber
264 _c2025
653 _aFrankfurt (Oder)
653 _aDeutsche Post
653 _aPartnerfiliale
653 _aLenné Passagen
773 0 _g36. Jahrgang (2025) Nr. 269 vom 19.11.2025, S. 15 mit Foto
_tMärkische Oderzeitung
942 _2z
_cA
999 _c374124
_d374124